Municipis del Baix Segura/la Vega Baja - Estadísticas

Estadísticas generales
  • Esta prueba ha sido intentada 528 veces
  • La puntuación promedio es 18 de 27
Respuestas en el mapa
Las respuestas están codificadas por una escala verde-roja en el mapa de la prueba según el % correcto abajo.
 
Estadísticas de respuestas
Resposta % Correcto
Orihuela
96%
Torrevieja
93%
Guardamar del Segura
82%
Pilar de la Horadada
79%
Callosa de Segura
76%
Almoradí
70%
Benejúzar
70%
Catral
70%
Cox
70%
Albatera
69%
Rojales
68%
San Miguel de Salinas
68%
Redován
65%
Bigastro
64%
Daya Nueva
63%
Daya Vieja
62%
San Fulgencio
62%
Dolores
60%
Los Montesinos
57%
San Isidro
57%
Formentera del Segura
55%
Benferri
54%
Benijófar
54%
Jacarilla
54%
Granja de Rocamora
53%
Algorfa
52%
Rafal
48%
No se encontraron pruebas coincidentes
Distribución de puntuación
Porcentaje de gente con cada puntuación
Porcentaje por número respondido
Historial de tus puntuaciones
No has intentado esta prueba.